| 000 | 00569nam a2200193Ia 4500 | ||
|---|---|---|---|
| 003 | GCL | ||
| 008 | 140319s9999 xx 000 0 ara d | ||
| 040 |
_aGCL / _cGCL |
||
| 082 | 0 | 4 |
_a370.773 _bأ م |
| 100 | 1 | _aاحمد زكى حلمى | |
| 245 | 1 | 0 |
_aمبادىء الخراطة نظرى وعملى / _cاحمد زكى حلمى |
| 260 |
_a[S.N] : _bدار الفجر للنشر والتوزيع ، _c1993 |
||
| 300 | _a271 ص | ||
| 490 | _a | ||
| 650 | 0 | 4 | _aالتعليم المهنى |
| 650 | 0 | 4 | _aالمخارط |
| 650 | 0 | 4 | _aالخراطة |
| 942 |
_2ddc _cBK |
||
| 999 |
_c58542 _d58542 |
||